MESTSKÁ KNIŽNICA GIRALTOVCE  - online katalóg 

Predkovia (Record no. 12235)

000 -NÁVESTIE
fixed length control field 00856nam a2200265 a 4500
008 - ÚDAJE S PEVNOU DĹŽKOU – VŠEOBECNÉ INFORMÁCIE
fixed length control field 040324s1973||||xo r 0 slo c
040 ## - ZDROJ KATALOGIZÁCIE
Pôvodná katalogizujúca agentúra SNK
Jazyk katalogizácie slo
Prepisujúca agentúra SNK
Konvencie popisu AACR2
041 1# - KÓD JAZYKA
Kód jazyka textu/zvukovej stopy alebo samostatných nápisov slo
044 ## - KÓD KRAJINY VYDAVATEĽA/PRODUCENTA
Kód krajiny MARC xo
Kód krajiny ISO SK
080 ## - ČÍSLO MEDZINÁRODNÉHO DESATINNÉHO TRIEDENIA (MDT)
Číslo Medzinárodného desatinného triedenia (MDT) 885.4-3
080 ## - ČÍSLO MEDZINÁRODNÉHO DESATINNÉHO TRIEDENIA (MDT)
Číslo Medzinárodného desatinného triedenia (MDT) 943.76"0173/0175"
020 ## - MEDZINÁRODNÉ ŠTANDARDNÉ ČÍSLO KNIHY (ISBN)
Údaje o dostupnosti 13
100 1# - OSOBNÉ MENÁ – VŠEOBECNÉ INFORMÁCIE
Osobné meno Martinka, Jozef
Kód roly aut
245 10 - NÁZOV
Názov Predkovia
Údaj o zodpovednosti atď. Jožo Martinka ; doslov nap. Jozef Felix
250 ## - ÚDAJ O PORADÍ VYDANIA
Údaj o poradí vydania 2. vyd.
260 ## - VYDAVATEĽSKÉ ÚDAJE, DISTRIBÚCIA ATĎ.
Miesto publikovania, distribúcie atď. Bratislava
Názov vydavateľa, distibútora atď. Tatran
Dátum publikovania, distribúcie atď. 1973
Miesto výroby Košice
Výrobca Východoslovenské tlačiarne
300 ## - FYZICKÝ POPIS
Rozsah 167, [3] s., 8 s. fot. príl.
Rozmery
490 0# - EDÍCIA
Edícia Slovenská tvorba
Zväzok/sekvenčné označenie zv. 54
500 ## - VŠEOBECNÁ POZNÁMKA
Formátovaná poznámka o obsahu Pozn. Frontispice. Význam niekt. menej použ. slov
500 ## - VŠEOBECNÁ POZNÁMKA
Formátovaná poznámka o obsahu 3000 výtl.
650 07 - PRIDANÝ VSTUP – PREDMET – TEMATICKÉ HESLO
Tematické heslo alebo geografický názov ako vstupný prvok légie rímske
Geografický pododdiel Slovensko
Všeobecný pododdiel boje
Chronologický pododdiel 173-175
Všeobecný pododdiel rozprávanie
Zdroj hesla alebo termínu SNK
651 07 - PRIDANÝ VSTUP – PREDMET – GEOGRAFICKÝ NÁZOV
Geografický názov Slovensko
Všeobecný pododdiel dejiny
Chronologický pododdiel 173-175
Všeobecný pododdiel rozprávanie
Zdroj hesla alebo termínu SNK
700 1# - PRIDANÝ VSTUP – OSOBNÉ MENO
Osobné meno Felix, Jozef
Kód roly aui
958 ## - Formálny deskriptor
Formálny deskriptor AUL
Holdings
Stav stiahnutia (Blokovanie) (Withrawn status) Stav straty Stav poškodenia (Damaged status) Nie pre výpožičky (Not for loan) Spôsob nadobudnutia (Collection code) Trvalé umiestnenie Aktuálne umiestnenie Dátum nadobudnutia Náklady, bežná kúpna cena Inventárne číslo (prírastkové číslo) Full call number Dátum posledného výskytu Cena s účinnosťou od Typ jednotky Koha
        Kúpa Mestská knižnica Giraltovce Mestská knižnica Giraltovce 2019-11-29 13.00 11529 B 5655 2019-11-29 2019-11-29 Krásna literatúra pre dospelých

Powered by Koha